00889pam a2200253 a 4500001000500000005001700005020001800022040002300040050002400063082001200087100002400099245004900123260003500172300004000207500006100247505000800308520017900316521002000495521002000515650002300535650002200558650002500580650003000605104020230908151115.0 a9780590449229 aDLCcDLCdDLCbeng00aPZ7.B46626bMy 199300aFic2201 aBetancourt, Jeanne.10aMy name is Brain Brian /cJeanne Betancourt. aNew York :bScholastic,c1993. a128 pages ;c20 cmbillustrations ; aOn t.p. the word "brain" appears with an "X" through it. aR  aAlthough he is helped by his new sixth grade teacher after being diagnosed as dyslexic, Brian still has some problems with school and with people he thought were his friends. a700 bLexile  aR bRaz-Plus  1aDyslexiaxFiction. 1aSchoolsxFiction. 1aFriendshipxFiction. 1aSelf-perceptionxFiction.